[Event "2nd Thailand Pattaya Open 2019"]
[Site "Pattaya"]
[Date "2019.10.26"]
[Round "5.4"]
[White "Salvador, Louie"]
[Black "Yaniuk, Volodymyr"]
[Result "0-1"]
[WhiteElo "2257"]
[BlackElo "2189"]
[Annotator "TA"]
[PlyCount "51"]
[EventDate "2019.10.23"]
[EventType "swiss"]
[EventCountry "THA"]
[SourceTitle "playchess.com"]
[Source "ChessBase"]
[SourceQuality "1"]

{[%evp 34,42,32,41,45,33,46,36,62,62,95]} 1. e4 e5 2. Nf3 Nc6 3. Bb5 a6 4. Ba4 Nf6 5. O-O Be7 6. Re1 b5 7. Bb3 d6 8. c3 O-O 9. h3 Nb8 10. d4 Nbd7 11. Nbd2 Bb7 12. Bc2 Re8 13. Nf1 Bf8 14. Ng3 g6 15. a4 c5 16. d5 c4 17. Bg5 h6 18. Be3 {White is slightly better.} Qc7 {C95: Closed Ruy Lopez: Breyer Variation with 10 d4} (18... Nc5 19. Qd2 h5 20. Ra3 Nfd7 21. Qe2 Nb6 22. axb5 axb5 23. Rxa8 Bxa8 24. Ng5 Qf6 25. Rf1 Nbd7 26. h4 Qe7 27. Ra1 Bb7 {0-1 (81) Topalov,V (2740)-Amin,B (2704) Abidjan 2019}) 19. Qd2 Kh7 20. Nh2 Bg7 21. Rf1 Re7 {[%mdl 32768] Loss on time!?} {Predecessor:} 22. Ng4 $146 Ng8 23. f4 exf4 24. Rxf4 Ne5 25. Nxe5 Bxe5 26. Rf3 {½-½ (40) Schuetze,M-Girod,F ICCF corr 1988} 0-1

[Event "2nd Thailand Pattaya Open 2019"]
[Site "Pattaya"]
[Date "2019.10.26"]
[Round "5.4"]
[White "Salvador, Louie"]
[Black "Yaniuk, Volodymyr"]
[Result "*"]
[WhiteElo "2257"]
[BlackElo "2189"]
[Annotator "TA"]
[PlyCount "53"]
[EventDate "2019.10.23"]
[EventType "swiss"]
[EventCountry "THA"]
[SourceTitle "playchess.com"]
[Source "ChessBase"]
[SourceQuality "1"]

{[%evp 34,39,32,32,25,25,36,27]} 1. e4 e5 2. Nf3 Nc6 3. Bb5 a6 4. Ba4 Nf6 5. O-O Be7 6. Re1 b5 7. Bb3 d6 8. c3 O-O 9. h3 Nb8 10. d4 Nbd7 11. Nbd2 Bb7 12. Bc2 Re8 13. Nf1 Bf8 14. Ng3 g6 15. a4 c5 16. d5 c4 17. Bg5 h6 18. Be3 Qc7 {C95: Closed Ruy Lopez: Breyer Variation with 10 d4} (18... Nc5 19. Qd2 h5 20. Bg5 Bg7 21. Rf1 Qc7 22. Bh6 Bh8 23. Ng5 Nh7 24. Nxh7 Kxh7 25. Be3 Qe7 26. f4 exf4 27. Bxf4 Kg8 {1-0 (51) Zherebukh,Y (2605)-Caruana,F (2817) Saint Louis 2017}) 19. Qd2 Kh7 20. Nh2 {Predecessor:} Bg7 $146 21. Ng4 Ng8 22. f4 exf4 23. Bxf4 Nc5 24. axb5 axb5 25. Rxa8 Rxa8 26. e5 dxe5 27. Nxe5 {½-½ (44) De Oliveira,M (2454)-Green,W (2455) ICCF email 2016} *

[Event "2nd Thailand Pattaya Open 2019"]
[Site "Pattaya"]
[Date "2019.10.26"]
[Round "5.5"]
[White "Quizon, Daniel"]
[Black "Habla, Jony"]
[Result "1-0"]
[WhiteElo "2329"]
[BlackElo "2152"]
[Annotator "TA"]
[PlyCount "85"]
[EventDate "2019.10.23"]
[EventType "swiss"]
[EventCountry "THA"]
[SourceTitle "playchess.com"]
[Source "ChessBase"]
[SourceQuality "1"]

{[%evp 11,85,4,19,27,45,16,16,14,22,19,63,65,69,27,51,-5,41,38,36,27,20,0,16,-27,0,0,0,-8,0,-10,0,-110,-11,0,0,-161,-159,-177,-172,-133,-112,-137,0,0,66,59,385,384,384,381,371,378,377,370,358,368,424,415,599,584,648,648,629,617,766,628,1949,1567,1010,708,876,848,5501,5501,2243,2020]} 1. e4 e6 2. d4 d5 3. Nc3 Bb4 4. exd5 exd5 5. Bd3 Nc6 6. Nge2 Bg4 7. f3 {C01: French: Exchange Variation} Be6 8. Bf4 (8. O-O Nge7 9. Bf4 Nf5 10. Nb5 Ba5 11. c3 Nce7 12. g4 Nh4 13. Bg3 Nhg6 {½-½ (13) Zhigalko,S (2689)-Mamedyarov,S (2765) Baku 2011}) 8... a6 9. Qd2 {The position is equal.} Nge7 10. O-O-O b5 $146 ({Predecessor:} 10... Qd7 11. g4 O-O-O 12. Be3 h5 13. h3 f5 14. gxh5 Rxh5 {1-0 (55) Christensen,J-Svane,H Aarhus 1992}) 11. g4 Ba5 12. Qe3 Qd7 13. h4 (13. a3 $14) 13... Nb4 14. h5 Nxd3+ 15. Rxd3 f6 16. Bg3 O-O 17. h6 g6 18. Nf4 Bf7 19. Bh4 Qd6 $1 {Strongly threatening ...g5.} 20. Bg3 {Hoping for Nxg6!} Qd7 21. Nd1 (21. Bh4 $11 {keeps the balance.}) 21... Rfe8 (21... Nc6 $1 $17 22. Ra3 b4 23. Rxa5 Nxa5) 22. Qg1 $11 Nc6 23. Bf2 $2 {[#]} (23. Kb1 $11) 23... Nb4 $1 $19 24. Ra3 {[#]} Qc6 $1 {[%csl Gb4][%cal Rc6c2][%mdl 512]} 25. Nc3 Bb6 {And now ...g5 would win.} 26. Rb3 {[#]} Qd6 ({Better is} 26... a5 $1 $17 {White must now prevent ...g5.} 27. g5 Qd7) 27. Bg3 $36 {[%mdl 2048] White has some pressure.} Nc6 ({Black should try} 27... c5 $11 28. Nh5 Qc6 29. dxc5 Bxc5 30. Nxf6+ Qxf6 31. Qxc5 Nxc2 32. Kxc2 Rac8) 28. Nfxd5 $1 $14 {[%mdl 64] Discovered Attack} Nxd4 $2 {[%mdl 8192]} (28... Qd8 $1 $14 29. Nxb6 cxb6) 29. Bxd6 $18 Nxb3+ 30. axb3 ({Not} 30. cxb3 Bxg1 31. Nxf6+ (31. Rxg1 Bxd5 32. Nxd5 cxd6 $16) 31... Kh8 $18) 30... Bxg1 31. Nxf6+ (31. Rxg1 Bxd5 32. Nxd5 cxd6 $16) 31... Kh8 {...Be3+ is the strong threat.} 32. Rxg1 ({Less strong is} 32. Nxe8 Be3+ 33. Kb1 cxd6 $16) 32... cxd6 33. Nxe8 Bxe8 {[%mdl 4096] Endgame KRB-KRN} 34. Ne4 Bc6 (34... Bf7 $142 35. Rd1 d5) 35. Nf6 {White is clearly winning.} g5 {If only Black now had time for ...Rf8....} 36. Re1 {Threatening mate with Re7.} Rf8 37. Re6 b4 38. Rxd6 Bb5 39. Rb6 Rc8 40. Kb1 {White wants to mate with Rb7.} Bc6 41. Rxa6 {White threatens Ra7 and mate.} Ra8 42. Rxa8+ ({Weaker is} 42. Rxc6 Ra1+ 43. Kxa1 $11) 42... Bxa8 43. Ne4 {Accuracy: White = 65%, Black = 39%.} 1-0

[Event "2nd Thailand Pattaya Open 2019"]
[Site "Pattaya"]
[Date "2019.10.26"]
[Round "5.6"]
[White "Mariano, Nelson III"]
[Black "Tan, Jun Ying"]
[Result "1/2-1/2"]
[WhiteElo "2283"]
[BlackElo "2090"]
[Annotator "TA"]
[PlyCount "84"]
[EventDate "2019.10.23"]
[EventType "swiss"]
[EventCountry "THA"]
[SourceTitle "playchess.com"]
[Source "ChessBase"]
[SourceQuality "1"]

{[%evp 14,84,19,0,18,18,72,27,33,-28,-28,-18,0,-150,-147,-177,-156,-184,-123,-162,-122,-163,-171,-222,-225,-220,-213,-219,-207,-250,-185,-195,-169,-306,-249,-216,-186,-183,-141,-196,-133,-156,-96,-119,-43,-345,-347,-522,-519,-502,-499,-712,-718,-846,-845,-805,-764,-686,-708,-1068,-546,-509,0,0,0,0,0,0,0,0,0,0,0]} 1. e4 c5 2. Nf3 d6 3. d4 cxd4 4. Nxd4 Nf6 5. Nc3 Nc6 6. h3 e5 7. Nf3 h6 8. Bc4 Be7 {B56: Classical Sicilian: Unusual Lines} (8... Be6 9. Bb3 Be7 10. O-O O-O 11. Qe2 Na5 12. Rd1 Nxb3 13. cxb3 Qa5 14. Be3 Rac8 15. Nd2 d5 16. exd5 Nxd5 17. Nxd5 Bxd5 {½-½ (43) Caruana,F (2808)-Vachier Lagrave,M (2796) Paris 2017}) 9. O-O g5 $146 (9... Be6 $11 10. Qe2 O-O) ({Predecessor:} 9... Be6 10. Bb3 O-O 11. Be3 Na5 12. Qe2 Rc8 13. Rfd1 Nc4 14. Bxc4 Bxc4 15. Qe1 Qc7 16. a4 b6 17. Nh4 Be6 18. Nf5 Bxf5 19. exf5 Rfd8 {½-½ (41) Andriasian,Z (2621)-Tseitlin,M (2399) St Petersburg 2013}) 10. Be3 g4 {White has an edge.} 11. Nh4 (11. hxg4 $14 Bxg4 12. Bd5) 11... gxh3 $11 12. g3 $1 Be6 13. Bxe6 ({White should play} 13. Be2 $11) 13... fxe6 $17 14. b4 Qd7 ({Resist} 14... Nxb4 15. Rb1 $17) 15. Rb1 h5 ({Black should try} 15... Rg8 $19 16. Nf3 Rc8) 16. b5 {[#]} Na5 $1 17. Bg5 Rg8 18. Nf3 (18. Bxf6 {is a better defense.} Bxf6 19. Qxh5+ Qf7 20. Qxf7+ Kxf7 21. Nf3) 18... Ng4 $19 19. Bxe7 Qxe7 20. Qd3 b6 21. Rbd1 Rd8 22. Na4 Qf6 23. Qc3 (23. Qe2 $142) 23... Rg7 24. Rd3 Rgd7 25. Nh2 Qg6 {aiming for ...Nxh2.} 26. Qe1 (26. Nxg4 $17 {was called for.} Qxg4 27. Qe1) 26... Rc8 (26... Nf6 $19 27. Nf3 Nc4) 27. Nc3 Ke7 (27... Nf6 $142 28. Nf3 Nc4) 28. f4 {[#]} exf4 (28... Rf8 $1 $17 29. Nxg4 hxg4 30. fxe5 Rxf1+ 31. Qxf1 Nc4 32. exd6+ Rxd6) 29. Rxf4 $2 {[%mdl 8192]} (29. Nxg4 $15 Nc4 30. Nh6 Qxh6 31. gxf4) 29... Ne5 30. Re3 (30. Ne2 $142) 30... Nac4 31. Re2 Rg8 32. Nf1 {[#]} (32. Nd1 $142 Qxg3+ 33. Qxg3 Rxg3+ 34. Kh1) 32... h4 $1 {[%cal Rh4g3][%mdl 512]} 33. Kh2 (33. Rxh4 Nf3+) 33... hxg3+ 34. Qxg3 Qh6 35. Qxg8 Qxf4+ {[%mdl 64] Double Attack} 36. Ng3 Nf3+ 37. Kxh3 {Hoping for Nf5+!} Ng1+ $2 ({Better is} 37... Qh6+ $19 38. Kg2 Nh4+ 39. Kf2 Rd8 40. Nd5+ exd5 41. exd5+ Ne5 42. Qe6+ Qxe6 43. dxe6 Rf8+ 44. Ke1 Nhf3+ 45. Kd1 Rg8) 38. Kg2 $11 {The position is equal.} Nxe2 {[#]} 39. Nf5+ $1 {[%mdl 512]} Kf6 (39... exf5 40. Nd5#) 40. Qh8+ Kg6 41. Qg8+ Kf6 {White must now prevent ...Ne3+.} 42. Qh8+ Kg6 {Accuracy: White = 29%, Black = 42%.} 1/2-1/2

[Event "2nd Thailand Pattaya Open 2019"]
[Site "Pattaya"]
[Date "2019.10.27"]
[Round "6.1"]
[White "Yaniuk, Volodymyr"]
[Black "Villamayor, Buenaventura"]
[Result "1/2-1/2"]
[WhiteElo "2189"]
[BlackElo "2371"]
[Annotator "TA"]
[PlyCount "173"]
[EventDate "2019.10.23"]
[EventType "swiss"]
[EventCountry "THA"]
[SourceTitle "playchess.com"]
[Source "ChessBase"]
[SourceQuality "1"]

{[%evp 10,173,31,30,57,52,44,54,57,42,60,43,47,47,33,47,56,60,82,51,62,43,31,31,37,21,35,28,47,24,28,0,3,0,0,-19,-8,-13,-5,-22,-17,-19,-22,-30,-30,-31,-17,-70,-72,-64,-65,-66,-65,-66,-39,-52,-60,-67,-64,-64,-57,-63,-49,-68,-72,-66,-54,-48,-58,-64,-74,-86,-42,-52,-34,-43,-24,-111,-97,-110,-110,-112,-112,-110,-110,-118,-110,-110,-111,-126,-129,-140,-151,-180,-111,-140,0,-181,-172,-168,-86,-83,-41,-39,-47,-52,-2,-36,-36,-38,-41,-36,-41,-37,-37,-36,-41,-41,-35,-34,0,0,0,0,0,0,0,0,0,0,0,0,0,0,0,0,0,0,0,0,0,0,0,0,0,0,0,0,0,0,0,0,0,0,0,0,0,0,0,0,0,0,0,0,0,0]} 1. d4 Nf6 2. c4 e6 3. g3 Bb4+ 4. Bd2 Qe7 5. Bg2 Nc6 6. e3 d5 $146 {E00: Catalan Bogo-Indian (3 g3 Bb4+)} (6... O-O 7. Ne2 d5 8. O-O dxc4 9. Qc2 Bd6 10. Qxc4 e5 11. d5 Nb8 12. Nbc3 a6 13. a4 Re8 14. e4 {0-1 (64) Socko,B (2593)-Wang,Y (2690) Riadh 2017}) ({Predecessor:} 6... O-O 7. Ne2 d5 8. a3 Bxd2+ {½-½ (79) Bai,J (2564)-Zeng,C (2549) China 2016}) 7. a3 Bxd2+ 8. Nxd2 O-O {White is slightly better.} 9. Ne2 Rd8 10. O-O e5 11. cxd5 Nxd5 12. e4 Nf6 13. d5 Nb8 14. Nc3 Nbd7 15. Nc4 Nb6 16. Ne3 Bd7 17. Rc1 Ne8 18. f4 Nd6 19. Qe2 Rac8 20. Rce1 f6 21. Kh1 Qe8 22. Nf5 Nxf5 23. exf5 {[%cal Rf4e5]} exf4 24. Qd3 Qf8 25. Rxf4 Re8 26. Ref1 Re5 27. a4 Rce8 28. a5 (28. g4 $11) 28... Nc8 $1 $15 29. Qc4 Nd6 $1 {[%cal Rd6c4][%mdl 64] Double Attack} 30. Qxc7 Bxf5 {Threatens to win with ...Rc8.} 31. Qc5 Bd3 32. Rg1 a6 33. Qd4 Bf5 34. h3 Qe7 35. Kh2 Re3 36. Rf3 Rxf3 37. Bxf3 Qe3 38. Qxe3 Rxe3 39. Bg2 Kf7 40. Rc1 Ke8 41. g4 Bd7 42. Kg1 Rd3 43. Rc2 (43. Rd1 $11 {remains equal.} Rxd1+ 44. Nxd1) 43... f5 $17 44. gxf5 Bxf5 45. Re2+ Kf7 46. Kh2 Kf6 47. Rf2 Rd4 48. Re2 g6 49. Rf2 Ke7 50. Bh1 Kd7 51. Bg2 {[#]} Rb4 (51... Nc4 $1 $19 52. Kg3 Kd6) 52. Bf1 Rd4 53. Bg2 $1 {[#]} Nc4 $1 54. b4 Ne5 (54... Ne3 $19 55. Rb2 Nxg2 56. Kxg2 Kd6) 55. b5 Rc4 56. bxa6 bxa6 57. Nd1 {White wants to play Ne3.} Nd3 58. Rd2 Nf4 59. Ne3 Ra4 60. Nxf5 gxf5 $15 {[%mdl 4096] Endgame KRB-KRN} 61. Bf1 Rxa5 62. Rf2 Nxd5 {Strongly threatening ...Nf6.} 63. Rxf5 Ra2+ 64. Kg3 Ne3 (64... Ra3+ {is interesting.} 65. Kf2 Ke6 66. Rg5 Ra4 67. Bg2 Nf4) 65. Rf3 {The position is equal.} Nxf1+ 66. Rxf1 $11 {KR-KR} Ke6 67. Rf8 Ra5 68. Rh8 h5 69. Rh6+ Kd7 70. Rh7+ Ke8 71. Ra7 Ra4 72. h4 Kd8 73. Rf7 Rg4+ 74. Kh3 Rb4 75. Rf6 Rb3+ 76. Kg2 a5 77. Rf5 a4 78. Rxh5 Kc7 79. Ra5 a3 80. h5 Kb6 81. Ra8 {Threatening mate with Rb8+.} Rb2+ 82. Kg3 Rb3+ 83. Kg4 {White threatens Rb8+ and mate.} Rb4+ 84. Kg5 Rb5+ 85. Kg6 Ra5 86. Rb8+ Kc5 {Hoping for ...a2.} 87. Rb1 {Accuracy: White = 62%, Black = 66%.} 1/2-1/2

[Event "2nd Thailand Pattaya Open 2019"]
[Site "Pattaya"]
[Date "2019.10.27"]
[Round "6.2"]
[White "Pascua, Haridas"]
[Black "Gomez, John Paul"]
[Result "1/2-1/2"]
[WhiteElo "2425"]
[BlackElo "2433"]
[Annotator "TA"]
[PlyCount "50"]
[EventDate "2019.10.23"]
[EventType "swiss"]
[EventCountry "THA"]
[SourceTitle "playchess.com"]
[Source "ChessBase"]
[SourceQuality "1"]

{[%evp 28,50,20,0,1,0,0,0,0,-12,0,-2,0,0,0,0,0,-3,0,-7,-7,-7,0,0,73]} 1. d4 d5 2. c4 c6 3. Nc3 Nf6 4. Nf3 dxc4 5. a4 Bf5 6. e3 e6 7. Bxc4 Bb4 8. O-O O-O 9. Qe2 Nbd7 10. e4 Bg6 11. Bd3 Bh5 12. e5 Nd5 13. Nxd5 cxd5 14. Qe3 Be7 15. Bd2 {The position is equal.} Nb8 {[%cal Bd7b8,Bb8c6,Bc6a7][%mdl 32] D19: Slav Defence: 5 a4 Bf5 6 e3: Main line with 9 Qe2} 16. Rfc1 (16. Bc3 Nc6 17. Ne1 Qe8 18. Nc2 Bg6 19. f4 Bxd3 20. Qxd3 f5 21. Bd2 a5 22. Rac1 Kh8 23. Ne1 {½-½ (44) Stocek,J (2574)-Mamedov,R (2699) Batumi 2018}) 16... Nc6 17. Ne1 a5 18. Bb5 $146 ({Predecessor:} 18. Qh3 Bg6 19. Bxg6 hxg6 20. Be3 Qb6 21. Qg4 Rfc8 22. Nd3 Nb4 23. Ne1 Rc6 24. Qd1 Rac8 {½-½ (24) Goy,U (2204)-Boldysh,M (2250) ICCF email 2005}) 18... Na7 19. Bf1 Nc6 20. Bb5 Na7 21. Bf1 Nc6 22. Bb5 Qb6 23. Bxc6 bxc6 24. Nd3 Bg6 25. Nc5 $1 Qxb2 (25... Rfe8 $11 {keeps the balance.}) 1/2-1/2

[Event "2nd Thailand Pattaya Open 2019"]
[Site "Pattaya"]
[Date "2019.10.27"]
[Round "6.3"]
[White "Kulpruethanon, Thanadon"]
[Black "Quizon, Daniel"]
[Result "1-0"]
[WhiteElo "2216"]
[BlackElo "2329"]
[Annotator "TA"]
[PlyCount "41"]
[EventDate "2019.10.23"]
[EventType "swiss"]
[EventCountry "THA"]
[SourceTitle "playchess.com"]
[Source "ChessBase"]
[SourceQuality "1"]

{[%evp 10,41,50,33,66,77,86,72,83,56,66,51,184,194,184,191,193,196,209,197,432,405,690,652,684,657,991,1012,937,1097,1095,1077,995,910]} 1. d4 Nf6 2. Bf4 g6 3. Nc3 Bg7 4. e4 d6 5. Qd2 O-O 6. O-O-O Nbd7 {B07: Pirc Defence: Miscellaneous Systems} 7. e5 Ng4 $146 {[%cal Rd6e5]} ({Predecessor:} 7... Nh5 8. Bh6 c5 9. Bxg7 Nxg7 10. exd6 exd6 11. Nf3 Qa5 12. Kb1 Nf6 13. dxc5 Be6 14. Nd5 {1-0 (22) Rapport,R (2700)-Getz,N (2423) Villorba 2018}) 8. Nf3 c5 {aiming for ...cxd4.White is better.} 9. h3 cxd4 10. hxg4 dxe5 (10... dxc3 $14 11. Qxc3 Nb6) 11. Bh6 $18 {Bxg7 is the strong threat.} dxc3 12. Qxc3 {Hoping for Bxg7.} ({Don't do} 12. bxc3 $6 Bh8 $16) 12... Bxh6+ 13. Rxh6 Qb6 {[#]} 14. Bc4 $1 {[%mdl 1024] White has strong compensation.} Qf6 $2 ({But not} 14... Qxf2 $2 15. Rdh1 $18) (14... Nf6) 15. Rdh1 Qf4+ (15... Qg7 $142 16. Rxh7 Qxh7 17. Rxh7 Kxh7) 16. Kb1 {White is clearly winning.} Nf6 17. g3 Qxg4 18. Nxe5 Qf5 {[#]} 19. Nxg6 $1 {[%mdl 512]} Qxg6 (19... hxg6 20. Rh8+) 20. Rxg6+ hxg6 21. Qe3 {Accuracy: White = 96%, Black = 28%.} 1-0

[Event "2nd Thailand Pattaya Open 2019"]
[Site "Pattaya"]
[Date "2019.10.27"]
[Round "6.4"]
[White "Saptarshi, Roy"]
[Black "Langreck, John"]
[Result "1-0"]
[WhiteElo "2456"]
[BlackElo "2149"]
[Annotator "TA"]
[PlyCount "56"]
[EventDate "2019.10.23"]
[EventType "swiss"]
[EventCountry "THA"]
[SourceTitle "playchess.com"]
[Source "ChessBase"]
[SourceQuality "1"]

{[%evp 11,56,54,70,41,112,75,64,36,39,20,43,31,37,14,26,8,25,17,16,14,21,0,0,0,0,0,0,0,25,19,37,28,39,41,50,43,65,55,59,67,154,158,306,297,485,373,733]} 1. e4 d5 2. exd5 Qxd5 3. Nc3 Qa5 4. d4 Nf6 5. Nf3 Nc6 6. Bd2 a6 7. h3 {B01: Scandinavian Defence} Bf5 {[#]} (7... Qb6 $14) 8. Bc4 $1 $16 {Nd5 is the strong threat.} Qb6 9. Na4 {White is slightly better.} Qa7 10. Be3 {Strongly threatening d5.} Nb4 11. Bb3 Nbd5 $146 ({Predecessor:} 11... Rd8 12. O-O e6 13. Qe2 Nbd5 14. Bd2 Be7 {1-0 (79) Belikov,V (2415)-Rumiancev,G (2320) Odessa 1991}) 12. Bd2 b5 $1 {[%cal Rb5a4]} 13. c4 bxc4 14. Bxc4 {Black must now prevent Nc5.} e6 15. O-O Bd6 16. Nc5 O-O 17. b4 a5 18. bxa5 Bxc5 19. dxc5 Qxc5 20. Rc1 Qd6 21. Nd4 $36 {[%mdl 2048] White fights for an advantage.} Bg6 22. Nb5 Qd7 23. Qe2 Rfb8 24. Rfd1 c6 25. Nd4 Rb2 (25... Qd6 $14) 26. Qe5 Rxd2 (26... Rbb8 $16) 27. Rxd2 $18 Ne4 $2 {[#]} (27... Rxa5 28. Qb8+ Qe8 29. Qxe8+ Nxe8) 28. Rdd1 Qd8 $2 {Accuracy: White = 62%, Black = 38%.} (28... h6 29. a6 Qa7) 1-0

[Event "2nd Thailand Pattaya Open 2019"]
[Site "Pattaya"]
[Date "2019.10.27"]
[Round "6.5"]
[White "Arunnuntapanich, Tinnakrit"]
[Black "Mariano, Nelson III"]
[Result "1-0"]
[WhiteElo "2025"]
[BlackElo "2283"]
[Annotator "TA"]
[PlyCount "107"]
[EventDate "2019.10.23"]
[EventType "swiss"]
[EventCountry "THA"]
[SourceTitle "playchess.com"]
[Source "ChessBase"]
[SourceQuality "1"]

{[%evp 18,111,37,21,50,37,58,45,61,61,69,68,57,58,69,63,50,62,58,47,51,25,40,30,31,-22,54,0,0,-16,0,0,19,18,29,16,80,65,81,80,104,98,119,104,131,139,87,70,261,257,243,235,418,181,420,436,441,379,367,357,400,359,472,466,464,476,458,459,497,491,460,403,426,380,541,459,731,730,690,711,1174,1167,1158,1189,1282,1271,1184,1037,1400,1413,1704,1606,5013,2206,29991,29992]} 1. d4 Nf6 2. c4 g6 3. Nf3 Bg7 4. g3 O-O 5. Bg2 d6 6. O-O Nc6 7. Nc3 a6 8. h3 Bd7 9. e4 e5 10. Be3 Qc8 {E63: King's Indian: Fianchetto: Panno Variation with 7...a6} (10... exd4 11. Nxd4 Re8 12. Re1 Qc8 13. Nxc6 bxc6 14. g4 Rb8 15. Rb1 Be6 16. c5 h5 17. f3 Rd8 18. cxd6 cxd6 19. Bg5 Qc7 20. Qd2 hxg4 21. fxg4 {0-1 (49) Pert,N (2528)-Svidler,P (2763) Bunratty 2008}) 11. Kh2 Re8 12. Rc1 $146 (12. d5 $5 {[%cal Rd5c6]} Na5 13. Nd2 $14) ({Predecessor:} 12. dxe5 dxe5 13. Qc2 Na5 14. c5 b6 15. Nd2 bxc5 16. Bxc5 Nc6 17. Nb3 a5 18. Be3 {½-½ (39) Ma,L (2156)-Dixit,N (2285) Sharjah 2018}) 12... Qb8 {White is slightly better.} 13. d5 Na5 14. Nd2 {And now b4 would win.} c5 15. a3 {Strongly threatening b4.} b5 16. cxb5 axb5 17. b4 Nb7 $1 18. Qb3 Rc8 19. Ra1 Ne8 20. Rfb1 f5 21. Nf3 (21. exf5 $14 gxf5 22. Rc1) 21... h6 ({Black should try} 21... Qc7 $11) 22. Bf1 (22. exf5 $1 $14 gxf5 23. bxc5 Nxc5 24. Qd1) 22... f4 $1 $11 {[%cal Rf4e3]} 23. Bd2 c4 24. Qc2 g5 25. a4 bxa4 26. Nxa4 {Hoping for Nb6.} Bxa4 (26... Nd8 $11 {keeps the balance.}) 27. Rxa4 $16 Rxa4 28. Qxa4 Nf6 29. Qc2 Qa7 {[#]} 30. Kg2 $1 fxg3 31. Be3 Qa3 32. Kxg3 Nh5+ $2 ({Black should play} 32... Qc3 $1 $14 33. Qa4 Nxe4+ 34. Kg2 Rf8) 33. Kh2 $18 c3 {[#]} 34. Nd2 $1 {[%mdl 512] Nc4 is the strong threat.} Ra8 $2 (34... Qa8 {was called for.}) (34... cxd2 35. Qxc8+) 35. Nc4 (35. Rb3 $142 Qa4 36. Qxc3) 35... Qa4 $2 (35... Qa2 {is a better defense.} 36. Qxa2 Rxa2) 36. Qxc3 Qa2 37. Qb3 Qxb3 38. Rxb3 Ra1 39. Be2 Nf4 40. Bg4 Bf8 41. Bc8 Nd8 42. b5 {[%cal Bb4b5,Bb5b6,Bb6b7][%mdl 32]} Ra4 43. Nd2 Ra8 44. Bd7 Rb8 45. b6 Nb7 (45... Ne2 $142 46. Bc6 Nd4 47. Bxd4 exd4) 46. Nc4 Nc5 (46... Ne2 $142 47. Bc6 Nd8) 47. Bxc5 $1 dxc5 48. b7 Ne2 49. Bc8 Be7 50. d6 Bd8 51. Nxe5 Nd4 52. Rb2 Bf6 53. Nd7 Nf3+ 54. Kg2 {Played: Kh2-g3} 1-0

[Event "2nd Thailand Pattaya Open 2019"]
[Site "Pattaya"]
[Date "2019.10.27"]
[Round "6.6"]
[White "Tan, Jun Ying"]
[Black "Salvador, Louie"]
[Result "1/2-1/2"]
[WhiteElo "2090"]
[BlackElo "2257"]
[Annotator "TA"]
[PlyCount "77"]
[EventDate "2019.10.23"]
[EventType "swiss"]
[EventCountry "THA"]
[SourceTitle "playchess.com"]
[Source "ChessBase"]
[SourceQuality "1"]

{[%evp 9,77,-22,-31,-18,-20,-26,-37,-28,-18,-2,49,49,51,32,58,31,25,29,64,0,0,-16,-16,-16,-21,-28,-29,-22,-21,-20,-16,-104,-101,-85,-20,-79,-57,-57,-54,-54,-54,-54,-62,-62,-57,-61,-52,-55,-58,-47,-11,-67,-59,-78,-68,-71,-18,-17,24,0,0,0,0,0,128,0,5,0,0,0]} 1. d4 d5 2. c4 c6 3. Nc3 dxc4 4. e4 b5 5. Nf3 Nf6 6. Be2 {D15: Slav Defence: 4 Nc3 a6 and gambit lines after 4 Nc3 dxc4} e6 (6... b4 7. e5 bxc3 8. exf6 exf6 9. bxc3 Bd6 10. O-O O-O 11. Nd2 Re8 12. Re1 Nd7 13. Nxc4 Bc7 {1-0 (44) Carlsen,M (2875)-Yu,Y (2738) Stavanger 2019}) 7. O-O Bb7 8. Rb1 {Black is slightly better.} Nbd7 9. b3 Qa5 $146 (9... Bb4 $11 10. e5 Bxc3 11. exf6 Nxf6) ({Predecessor:} 9... Bb4 10. Qc2 O-O 11. e5 Bxc3 12. exf6 b4 13. fxg7 Kxg7 14. bxc4 {½-½ (66) Dubov,D (2700)-Inarkiev,E (2693) Moscow 2019}) 10. Qc2 $14 cxb3 11. Qxb3 a6 12. e5 Nd5 13. Nxd5 cxd5 14. Bd2 (14. a4 $14) 14... Qa3 $11 15. Qxa3 Bxa3 16. Rb3 Be7 17. a4 $1 Nb6 18. axb5 a5 19. Rc3 Kd7 20. Rfc1 (20. Ng5 $11) 20... Rhc8 $17 21. Rxc8 Nxc8 (21... Bxc8 $17 22. Ng5 a4 23. Nxf7 a3) 22. b6 (22. Bg5 $11 {remains equal.}) 22... Nxb6 {Threatens to win with ...Nc4!} 23. Bb5+ Kd8 {Strongly threatening ...h6.} 24. Ng5 {[%cal Rg5f7][%mdl 64] [#] Double Attack} Nc4 $1 25. Nxf7+ Kc7 26. Nd6 {[%mdl 64] Decoy} Bxd6 27. exd6+ Kxd6 28. Bf4+ e5 29. dxe5+ Kc5 30. Bxc4 (30. Ba4 $11) 30... dxc4 $11 {[%mdl 4096] Endgame KRB-KRB} 31. Be3+ Kd5 32. f4 Ke4 ({Black should try} 32... Ra6 $17 33. Rb1 Ba8 34. Rd1+ Ke6) 33. Kf2 Kd3 (33... Bd5 {with more complications.} 34. Rd1 Be6 35. Rd6 Bd5 36. e6 Re8) 34. Rd1+ Kc2 $1 {[%cal Rc2d1]} 35. Rc1+ Kd3 36. Rd1+ Kc3 (36... Kc2 $1 $11 37. Rd7 Bc6 38. Rd2+ (38. Rxg7 a4 $11) 38... Kc3) 37. Rc1+ (37. e6 $16) 37... Kd3 38. Rd1+ Kc2 39. Rc1+ {Accuracy: White = 45%, Black = 62%.} 1/2-1/2